000 00575pab a2200205 454500
008 180718b1982 xxu||||| |||| 00| 0 eng d
100 _aSingh, Mohinder
245 _aProductivity in government: A select bibliography
260 _c1982
300 _ap.725-745.
362 _aJul-Sep
650 _aProductivity
650 _aPublic administration - Bibliography
650 _aBibliography - Public administration
650 _aPublic administration
700 _aSharma, R.N.
773 _aIndian Journal of Public Administration
908 _aN
909 _a88643
999 _c88643
_d88643